| 000 | 01799nam0a2200361 4500 | ||
|---|---|---|---|
| 001 | RU\NLR\bibl\1845704 | ||
| 005 | 20260406010623.0 | ||
| 020 |
_aRU _b10-9950 _9Летопись авторефератов диссертаций |
||
| 021 |
_aRU _b2011-6708а _9269аа |
||
| 035 | _a(NLR Aleph) 001836139 | ||
| 090 |
_a2207666 _c2207666 |
||
| 100 | _a20110712d2011 u u0rusy50 ca | ||
| 101 | 0 | _arus | |
| 102 | _aRU | ||
| 105 | _aa dm ||||| | ||
| 200 | 1 |
_aГеоэкологическая оценка зоны свободного водообмена _e(на примере Смоленской области) _eавтореферат диссертации на соискание ученой степени кандидата географических наук _eспециальность 25.00.36 <Геоэкология по отраслям> _fКовалев Дмитрий Васильевич _g[Смол. гос. ун-т] |
|
| 210 |
_aАстрахань _d2011 |
||
| 215 |
_a23 с. _cил. _d21 |
||
| 320 | _aБиблиогр.: с. 21-23 (16 назв.) | ||
| 327 | 0 | _aМесто защиты: Астрах. гос. ун-т | |
| 610 | 0 | _aСмоленская обл., геогр. науки | |
| 675 |
_a911 _v3 _zrus |
||
| 686 |
_a39.19 _2rugasnti |
||
| 686 |
_a26.8 _2rubbk |
||
| 686 |
_a25.00.36 _2oksvnk |
||
| 700 | 1 |
_4070 _8rus _7ca _aКовалев _bД. В. _cканд. геогр. наук _gДмитрий Васильевич _3RU\NLR\auth\77116081 _999006 |
|
| 801 | 0 |
_aRU _bRKP _c20110712 _gPSBO |
|
| 801 | 1 |
_aRU _bRKP _c20110712 |
|
| 801 | 2 |
_aRU _bNLR _c20111208 _grcr |
|
| 901 | _eАвторефераты | ||
| 942 | _cBOOK | ||
| 981 | 1 | 0 | _a(10) Авторефераты |